Sociological jurisprudence : juristic thought and social inquiry (Record no. 82999)

MARC details
000 -LEADER
fixed length control field 00789 a2200241 4500
003 - CONTROL NUMBER IDENTIFIER
control field CBULib
005 - DATE AND TIME OF LATEST TRANSACTION
control field 20231115065442.0
008 - FIXED-LENGTH DATA ELEMENTS--GENERAL INFORMATION
fixed length control field 231025b |||||||| |||| 00| 0 eng d
020 ## - INTERNATIONAL STANDARD BOOK NUMBER
International Standard Book Number 9781138052840
040 ## - CATALOGING SOURCE
Language of cataloging English
Transcribing agency CBULib
Description conventions rda
050 ## - LIBRARY OF CONGRESS CALL NUMBER
Classification number K 27.S6 Cot
100 1# - MAIN ENTRY--PERSONAL NAME
Personal name Cotterrell, Roger
9 (RLIN) 932
Fuller form of name (Roger B. M.)
245 ## - TITLE STATEMENT
Title Sociological jurisprudence : juristic thought and social inquiry
Statement of responsibility, etc / by Roger Cotterrell
260 ## - PUBLICATION, DISTRIBUTION, ETC. (IMPRINT)
Name of publisher, distributor, etc Routledge :
Date of publication, distribution, etc 2018.
Place of publication, distribution, etc Abingdon, Oxon,
300 ## - PHYSICAL DESCRIPTION
Extent xiv, 256 pages
336 ## - CONTENT TYPE
Source rdacontent
Content type term Text |
Content type code txt
337 ## - MEDIA TYPE
Source rdamedia
Media type term Unmediated |
Media type code n
338 ## - CARRIER TYPE
Source rdacarrier
Carrier type term Volume
Carrier type code nc
504 ## - BIBLIOGRAPHY, ETC. NOTE
Bibliography, etc Includes bibliographical references and index.
650 #0 - SUBJECT ADDED ENTRY--TOPICAL TERM
9 (RLIN) 933
Topical term or geographic name as entry element LAW--PHILOSOPHY
650 #0 - SUBJECT ADDED ENTRY--TOPICAL TERM
9 (RLIN) 934
Topical term or geographic name as entry element SOCIOLOGICAL JURISPRUDENCE
942 ## - ADDED ENTRY ELEMENTS (KOHA)
Source of classification or shelving scheme
Koha item type MONOGRAPH
Holdings
Withdrawn status Lost status Source of classification or shelving scheme Damaged status Not for loan Collection code Permanent Location Current Location Shelving location Date acquired Source of acquisition Cost, normal purchase price Full call number Barcode Date last seen Copy number Price effective from Koha item type
          Main Library Open Access Collection CBU-MAIN LIBRARY, KITWE. CBU-MAIN LIBRARY, KITWE. General Stacks 10/25/2023 Book Aid International 49.95 K 27.S6 Cot 752219 10/25/2023 1 10/25/2023 MONOGRAPH
          Main Library Open Access Collection CBU-MAIN LIBRARY, KITWE. CBU-MAIN LIBRARY, KITWE. General Stacks 10/25/2023 Book Aid International 49.95 K 27.S6 Cot 752220 10/25/2023 2 10/25/2023 MONOGRAPH